000 00278nam a22001097a 4500
008 140410b xxu||||| |||| 00| 0 eng d
020 _a818147189X
082 _a004.22
245 _aPARALLEL COMPUTER ARCHITECTURE
_cCULLER,DAVID E.
260 _aUSA
_bMORGAN KAUFMANN
_c1999
942 _cBK
999 _c23144
_d23144